| 000 | 00739nam a2200193 a 4500 | ||
|---|---|---|---|
| 005 | 20240907063650.0 | ||
| 008 | 031002s1998 ag r 000 0 spa d | ||
| 020 | _a9501630889 | ||
| 035 | _aUPN01000129490 | ||
| 049 | _aCG | ||
| 050 | 4 |
_aLA541 _bC6.6 1997 |
|
| 111 | 2 |
_aCongreso Iberoamericano de Educación _n(1o : _d1997 : _cBuenos Aires) _929001 |
|
| 245 | 1 | 0 |
_a1er. Congreso iberoamericano de educación : _blas transformaciones educativas, tres desafíos : democracia, desarrollo e integración / _ccomp. Daniel Filmus. |
| 260 |
_aBuenos Aires : _bTroquel : _bOEI, _cc1998. |
||
| 300 | _a472 p. | ||
| 650 | 4 |
_aEducación _zAmérica Latina _vCongresos _914699 |
|
| 700 | 1 |
_aFilmus, Daniel Fernando, _d1955- _ecomp. _934004 |
|
| 905 | _aLibro | ||
| 999 |
_c101662 _d101662 |
||